O jardim (Record no. 24644)

Metadata
000 -Etiqueta do registo
campo de controlo de comprimento fixo 01105nam a2200349 4500
001 - Identificador do registo
Campo de controlo 24644
010 ## - ISBN
Número (ISBN) 9789895644551
021 ## - Nº depósito legal
Código do país Portugal
Número 480497/21
100 ## - Dados Gerais de Proc.
Dados gerais de processamento 20210531d2021 c y0pory50030103ba
101 1# - Língua da publicação
Língua do texto, banda sonora, etc. Português
102 ## - País de Publicação
País de publicação Portugal
105 ## - Dados Codif. Livros
Dados codificados dos livros a z 000fy
106 ## - Atributos Físicos
Dados codificados do material textual r
200 1# - Título
Título próprio O jardim
Primeira menção de responsabilidade texto e il. Anna Walker
Outras menções de responsabilidade trad. Susana Cardoso Ferreira
210 #9 - Publicação, Distribuição
Lugar da edição, distribuição, etc. Amadora
Nome do editor, distribuidor, etc. Fábula
Data da publicação, distribuição, etc. 2021
215 ## - Descrição física
Descrição física [32] p.
Outras indicações físicas muito il.
Dimensões 29 cm
300 ## - Notas gerais
Texto da nota Plano Nacional de Leitura > 9-11 anos
304 ## - Título
Texto da nota Tít. orig.: Florette
330 ## - Sumário ou Resumo
Texto da nota Quando a família da Ema se muda do campo para a cidade, a Ema quer muito levar o jardim com ela. Mas não há espaço para jardins nas casas da cidade. Ou haverá?
Livro aclamado pela crítica e maravilhosamente ilustrado a aguarela pela autora premiada Anna Walker. Uma celebração da amizade, da capacidade de adaptação à mudança e da magia da natureza.

Livro bonito e delicado, que aborda o tema da adaptação à mudança, o efeito da natureza no nosso espírito e o contributo que todos podemos dar para o bem estar uns dos outros. Nomeado para o Children’s Book Council of Australia Picture Book of the Year e Australian Design Association of Pictures e vencedor do Wilderness Society Environment Award for Children’s Literature.

Com Ilustrações muito originais, à base de aguarelas, de Anna Walker, reputada e premiada ilustradora.
606 ## - Nome comum
Elemento de entrada Literatura infantil
Subdivisão de assunto Conto
675 ## - CDU
Notação 087.5
Edição BN
Língua da edição Português
675 ## - CDU
Notação 821.111(94)-93"20"
Edição BN
Língua da edição Português
675 ## - CDU
Notação 821.111(94)-34"20"
Edição BN
Língua da edição Português
700 #1 - Responsabilidade principal
Palavra de ordem Walker
Outra parte do nome Anna
702 #1 - Responsabilidade secundária
Palavra de ordem Ferreira
Outra parte do nome Susana Cardoso
Datas 1972-
Código de função Tradutor
801 #0 - Fonte de origem
País Portugal
Agência BEDB
Regras de catalogação RPC
090 ## - Números de controlo do sistema (Koha)
Número biblioitem do Koha (gerado automaticamente) 24644
942 ## - Elementos de entrada adicionados (Koha)
Suprimido Disponível no OPAC
Tipo de item no Koha Monografia
Holdings
Removido (estado) Perdido (estado) Data de aquisição Origem do registo (biblioteca) (codificado) Código da organização que empresta ou é detentora (biblioteca) Código de barras Cota Data de empréstimo ou depósito Tipo de circulação (não pode ser emprestado) Tipo de item e material
Disponível Disponível 2026-01-08 BE Diogo Bernardes BE Diogo Bernardes D00028724 82-93 WALA 2026-02-06 Normal Monografia